| 000 | 00379 a2200157 4500 | ||
|---|---|---|---|
| 001 | 81547 | ||
| 020 | _a0930403223 | ||
| 082 | _a623.3848 GOL | ||
| 090 |
_c39780 _d39780 |
||
| 100 | _aAugust Golden JR | ||
| 245 | _aRadar Electronic Warfare | ||
| 260 |
_aUSA _bAIAA Education Series _c1987 |
||
| 300 | _aviii340 | ||
| 500 | _aDOS BS Reference Books | ||
| 505 | _aAHQ Books | ||
| 942 |
_aCAENUST _k623.3848 GOL |
||
| 999 |
_c316620 _d316620 |
||